| 000 | 00678nam a2200241 a 4500 | ||
|---|---|---|---|
| 001 | BRL_649 | ||
| 005 | 20190320210833.0 | ||
| 008 | 180913s1969----sp-#######---#000-1#spa-# | ||
| 041 | _aspa | ||
| 044 | _amx | ||
| 050 | 4 |
_aPR6015.U9 _b.H89 1969 |
|
| 100 | 1 |
_aHuxley, Aldous _924519 |
|
| 245 | 1 | 0 |
_aUn Mundo Felíz _cAldous Huxley ; traducción de Ramón Hernández. |
| 260 |
_aBarcelona _bPlaza & James _c1969 |
||
| 300 |
_a202 p. _c18 cm. |
||
| 440 | 0 |
_arotativa _924520 |
|
| 500 | _aAu756 | ||
| 500 | _aTraducción de: Brave new world. | ||
| 650 | 1 | 4 |
_aPasividad (psicología) _vNovela _924521 |
| 700 | 1 |
_aHernández, Ramón _etr. _924522 |
|
| 902 | _aGRL | ||
| 942 |
_2lcc _cB |
||
| 999 |
_c9461 _d9461 |
||